000 00551nam a2200181 a 4500
001 3517
005 20140414131950.0
008 060505s19uu xx 00 eng d
020 _a0-07-571421-3
050 _aTR 372.4
_bL.2-Unit6 BLM 2002
245 _aUnit 6 assessment, L. 2 Unit 6 :
_bblackline masters.
260 _aColumbus, Ohio :
_bSRA/McGraw-Hill,
_c2002.
300 _a54 p. ; cm.
440 _aSRA Open Court Reading, Green
526 _cGrade 2
650 _aReading
_xStudy and teaching
_xActivities
_xReproducibles.
999 _c112764
_d112764